000
00244nam a22000977a 4500
003
SGT
245
_a
International Journal of Oral & maxillofacial Implants
260
_b
Quintessence Publisher
_c
2022
300
_a
1-607,608-1267
942
_2
ddc
_c
BV
999
_c
30408
_d
30408